00703nam a2200277Ia 4500008004100000020001900041100002000060245003100080245001900111260001500130260002000145260000900165300002100174300001000195650001700205650002000222650001900242650004000261650001500301650001300316650002200329650002200351650002200373650002200395700000800417160803s9999 xx 000 0 und d a978-0439388818 aMartin, Ann M.  2aA corner of the universe / cAnn M. Martin. aNew York : bScholastic Inc. c2002 axi, 189 pages ;  c22 cm aFamilies --  aFamily life --  aFriendship --  aPeople with mental disabilities --  aUncles --  xFiction. xJuvenile fiction. xJuvenile fiction. xJuvenile fiction. xJuvenile fiction. a750